Viaje al centro de la tierra /

Guardado en:
Autor Principal: Verne, Julio
Formato: Libro
Publicado: Buenos Aires : Hyspamérica, 1982
Materias:
Etiquetas: Agregar Etiqueta
Sin Etiquetas, Sea el primero en etiquetar este registro!
LEADER 00517nam a22001935a 4500
001 CEM.cems006536
005 20130611104527.0
008 130507s1982##################000#0#####d
003 CEMS
082 0 4 |a 843.8 
100 1 |a Verne, Julio 
245 1 0 |a Viaje al centro de la tierra / 
260 |a Buenos Aires :  |b Hyspamérica,  |c 1982 
300 |a 303 p. 
653 |a Ciencia ficcion 
653 |a Literatura 
653 |a Novela francesa 
653 |a Novelas 
859 |a CEMS  |b BIB. CEMS - 11 de abril  |h 843.8  |i V594-1  |p 12796.83  |t Ej.1